[Event "FIDE World Rapid-ch Open 2018"]
[White "Gelfand, Boris"]
[Black "Petrosian, Tigran L."]
[Site "St. Petersburg"]
[Round "15.14"]
[Annotator "ChessBase"]
[Result "0-1"]
[Date "2018.12.28"]
[WhiteElo "2673"]
[BlackElo "2598"]
[PlyCount "144"]
[TimeControl "900+10"]

1. d4 {[%emt 0:0:0]} d6 {[%emt 0:0:0]} 2. Nf3 {[%emt 0:0:0]} Bg4 {[%emt 0:0:0]
} 3. c4 {[%emt 0:0:0]} Bxf3 {[%emt 0:0:0]} 4. exf3 {[%emt 0:0:0]} c6 {[%emt 0:0:0]} 5. Nc3 {[%emt 0:0:9]} g6 {[%emt 0:0:0]} 6. Be3 {[%emt 0:0:34]} Bg7 {[%emt 0:0:0]} 7. Be2 {[%emt 0:0:1]} Nf6 {[%emt 0:0:0]} 8. d5 {[%emt 0:0:55]} 0-0 {[%emt 0:0:2]} 9. 0-0 {[%emt 0:0:2]} Nbd7 {[%emt 0:0:1]
} 10. f4 {[%emt 0:0:14]} cxd5 {[%emt 0:0:8]} 11. Nxd5 {[%emt 0:0:35]
} Nxd5 {[%emt 0:1:54]} 12. Qxd5 {[%emt 0:0:1]} Bxb2 {[%emt 0:0:0]} 13. Rab1 {[%emt 0:0:1]} Bf6 {[%emt 0:0:4]} 14. Rxb7 {[%emt 0:0:43]
} Nc5 {[%emt 0:0:16]} 15. Bxc5 {[%emt 0:2:24]} dxc5 {[%emt 0:0:1]} 16. Qxc5 {[%emt 0:0:1]} Qd2 {[%emt 0:0:39]} 17. Bf3 {[%emt 0:1:2]} Qxa2 {[%emt 0:0:0]} 18. Rc7 {[%emt 0:0:37]} Rab8 {[%emt 0:0:3]} 19. Rxa7 {[%emt 0:2:38]
} Qc2 {[%emt 0:0:1]} 20. g3 {[%emt 0:0:56]} Qd3 {[%emt 0:1:55]} 21. Ra3 {[%emt 0:1:19]
} Qc2 {[%emt 0:1:26]} 22. Ra6 {[%emt 0:1:56]} Qd3 {[%emt 0:0:0]} 23. Rxf6 {[%emt 0:0:56]} exf6 {[%emt 0:0:4]} 24. Bd5 {[%emt 0:0:0]} Rb1 {[%emt 0:1:2]} 25. Rxb1 {[%emt 0:0:2]} Qxb1+ 26. Kg2 Kg7 {[%emt 0:0:0]} 27. Qe7 {[%emt 0:0:19]} Qd3 {[%emt 0:0:7]} 28. h4 {[%emt 0:0:19]} h5 {[%emt 0:0:8]
} 29. Qa7 {[%emt 0:0:47]} Qb3 {[%emt 0:0:9]} 30. Qd7 {[%emt 0:0:0]} Qb6 {[%emt 0:0:44]} 31. Qe7 {[%emt 0:0:32]} Qd8 {[%emt 0:0:4]} 32. Qa7 {[%emt 0:0:6]} Qd6 {[%emt 0:0:2]} 33. Qb7 {[%emt 0:0:20]} Qc5 {[%emt 0:0:54]
} 34. Qd7 {[%emt 0:0:8]} Qc8 {[%emt 0:0:31]} 35. Qa7 {[%emt 0:0:0]} Qd8 {[%emt 0:0:4]} 36. Qb7 {[%emt 0:0:12]} Qd6 {[%emt 0:0:2]} 37. Qa7 {[%emt 0:0:4]} f5 {[%emt 0:0:11]} 38. Qa1+ {[%emt 0:0:32]} Qf6 {[%emt 0:0:16]
} 39. Qa7 {[%emt 0:0:1]} Rd8 {[%emt 0:0:29]} 40. Qc7 {[%emt 0:0:0]} Re8 {[%emt 0:0:6]} 41. c5 {[%emt 0:0:51]} Re7 {[%emt 0:0:1]} 42. Qb6 {[%emt 0:0:1]} Qd4 {[%emt 0:0:9]} 43. Bf3 {[%emt 0:0:1]} Re1 {[%emt 0:0:7]
} 44. Qc7 {[%emt 0:0:18]} Qc4 {[%emt 0:0:26]} 45. Kh2 {[%emt 0:0:0]} Qf1 {[%emt 0:0:3]} 46. Bd5 {[%emt 0:0:8]} Qxf2+ {[%emt 0:0:5]} 47. Kh3 {[%emt 0:0:0]} Qf1+ {[%emt 0:0:1]} 48. Bg2 {[%emt 0:0:1]} Qd3 {[%emt 0:0:33]
} 49. Qb6 {[%emt 0:0:25]} Re3 {[%emt 0:0:9]} 50. Qb2+ {[%emt 0:0:12]
} Kh7 {[%emt 0:0:6]} 51. Qf2 {[%emt 0:0:3]} Qe2 {[%emt 0:0:0]} 52. Qxe2 {[%emt 0:0:14]} Rxe2 {[%emt 0:0:0]} 53. c6 {[%emt 0:0:17]} Rc2 {[%emt 0:0:1]} 54. Kh2 {[%emt 0:0:5]} Kg7 {[%emt 0:0:8]} 55. Kg1 {[%emt 0:0:1]
} Kf6 {[%emt 0:0:1]} 56. Bd5 {[%emt 0:0:3]} Ke7 {[%emt 0:0:0]} 57. Kf1 {[%emt 0:0:1]} Rc5 {[%emt 0:0:3]} 58. Bf3 {[%emt 0:0:2]} Kd6 {[%emt 0:0:3]} 59. Ke2 {[%emt 0:0:1]} Rc3 {[%emt 0:0:1]} 60. Kf2 {[%emt 0:0:2]
} Kc5 {[%emt 0:0:5]} 61. Kg2 {[%emt 0:0:18]} Kd4 {[%emt 0:0:0]} 62. Kf2 {[%emt 0:0:0]} Rc2+ {[%emt 0:0:1]} 63. Kg1 {[%emt 0:0:10]} Rd2 {[%emt 0:0:28]} 64. Kf1 {[%emt 0:0:23]} Ke3 {[%emt 0:0:3]} 65. Bh1 {[%emt 0:0:1]
} Rd1+ {[%emt 0:0:42]} 66. Kg2 {[%emt 0:0:1]} Rc1 {[%emt 0:0:0]} 67. Kh2 {[%emt 0:0:2]} Rc5 {[%emt 0:0:2]} 68. Kg1 {[%emt 0:0:5]} Ke2 {[%emt 0:0:6]} 69. Bg2 {[%emt 0:0:7]} Rc1+ {[%emt 0:0:45]} 70. Kh2 {[%emt 0:0:1]
} Rd1 {[%emt 0:0:7]} 71. Bh1 {[%emt 0:0:34]} Kf2 {[%emt 0:0:0]} 72. Bg2 {[%emt 0:0:2]} Rd3 {[%emt 0:0:3]} 0-1

[Event "FIDE World Rapid-ch Open 2018"]
[White "Anton Guijarro, David"]
[Black "Rakhmanov, Aleksandr"]
[Site "St. Petersburg"]
[Round "15.15"]
[Annotator "ChessBase"]
[Result "1-0"]
[Date "2018.12.28"]
[WhiteElo "2642"]
[BlackElo "2629"]
[PlyCount "95"]
[TimeControl "900+10"]

1. e4 {[%emt 0:0:0]} e5 {[%emt 0:0:0]} 2. Nf3 {[%emt 0:0:0]} Nf6 {[%emt 0:0:0]
} 3. d4 {[%emt 0:0:0]} Nxe4 {[%emt 0:0:3]} 4. dxe5 {[%emt 0:0:0]} d5 {[%emt 0:0:8]} 5. Nbd2 {[%emt 0:0:3]} Nxd2 {[%emt 0:0:7]} 6. Bxd2 {[%emt 0:0:3]} Be7 {[%emt 0:0:10]} 7. Bd3 {[%emt 0:0:4]} Be6 {[%emt 0:0:11]
} 8. Nd4 {[%emt 0:1:22]} Qd7 {[%emt 0:0:14]} 9. Nxe6 {[%emt 0:0:0]} Qxe6 {[%emt 0:0:22]} 10. 0-0 {[%emt 0:0:4]} Nd7 {[%emt 0:0:47]} 11. f4 {[%emt 0:0:27]} Nc5 {[%emt 0:0:46]} 12. Kh1 {[%emt 0:0:34]} Nxd3 {[%emt 0:0:25]
} 13. cxd3 {[%emt 0:0:3]} 0-0 {[%emt 0:2:25]} 14. d4 {[%emt 0:0:0]} f5 {[%emt 0:1:30]} 15. Qb3 {[%emt 0:1:12]} b6 {[%emt 0:0:10]} 16. a4 {[%emt 0:2:1]} c5 {[%emt 0:0:10]} 17. Rfc1 {[%emt 0:1:38]} c4 {[%emt 0:0:0]} 18. Qf3 {[%emt 0:0:37]} Rac8 {[%emt 0:1:49]} 19. b3 {[%emt 0:0:22]} Rfd8 {[%emt 0:0:33]} 20. h3 {[%emt 0:1:26]} g6 {[%emt 0:0:34]} 21. g4 {[%emt 0:0:14]
} cxb3 {[%emt 0:0:17]} 22. Rxc8 {[%emt 0:1:15]} Qxc8 {[%emt 0:0:0]} 23. Qxb3 {[%emt 0:0:49]} fxg4 {[%emt 0:0:16]} 24. Rc1 {[%emt 0:1:10]
} Qf5 {[%emt 0:1:11]} 25. Qc2 {[%emt 0:0:32]} Qh5 {[%emt 0:0:41]} 26. Qd3 {[%emt 0:0:1]
} gxh3 {[%emt 0:0:19]} 27. Kh2 {[%emt 0:0:1]} Qf5 {[%emt 0:0:0]} 28. Qxf5 {[%emt 0:0:46]} gxf5 {[%emt 0:0:1]} 29. Rc7 {[%emt 0:0:1]} Kf8 {[%emt 0:0:3]} 30. Kxh3 {[%emt 0:0:25]} Ke8 {[%emt 0:0:33]} 31. Be1 {[%emt 0:0:43]
} Rd7 {[%emt 0:0:1]} 32. Rc6 {[%emt 0:0:1]} Bd8 {[%emt 0:0:0]} 33. Bh4 {[%emt 0:1:11]} Rc7 {[%emt 0:0:1]} 34. Rh6 {[%emt 0:0:28]} Rc3+ {[%emt 0:0:2]} 35. Kg2 {[%emt 0:0:6]} Bxh4 {[%emt 0:0:10]} 36. Rxh4 {[%emt 0:0:2]
} Rc7 {[%emt 0:0:35]} 37. Rh5 {[%emt 0:0:17]} Rf7 {[%emt 0:0:0]} 38. Kf3 {[%emt 0:0:21]} a6 {[%emt 0:0:1]} 39. Rh6 {[%emt 0:0:4]} Rb7 {[%emt 0:0:1]} 40. Ke3 {[%emt 0:0:11]} b5 {[%emt 0:0:4]} 41. a5 {[%emt 0:0:0]} b4 {[%emt 0:0:1]} 42. Kd2 {[%emt 0:0:18]} Rb5 {[%emt 0:0:16]} 43. Rxa6 {[%emt 0:0:4]} h5 {[%emt 0:0:22]} 44. Ra8+ {[%emt 0:0:11]} Kf7 {[%emt 0:0:9]
} 45. a6 {[%emt 0:0:5]} b3 {[%emt 0:0:22]} 46. Kc1 {[%emt 0:0:0]} Kg7 {[%emt 0:0:24]} 47. a7 {[%emt 0:0:12]} Ra5 {[%emt 0:0:10]} 48. e6 {[%emt 0:0:7]} 1-0

[Event "FIDE World Rapid-ch Open 2018"]
[White "Oparin, Grigoriy"]
[Black "Saric, Ivan"]
[Site "St. Petersburg"]
[Round "15.16"]
[Annotator "RC"]
[Result "1-0"]
[Date "2018.12.28"]
[WhiteElo "2613"]
[BlackElo "2695"]
[PlyCount "117"]
[TimeControl "900+10"]

1. Nf3 {[%emt 0:0:0]} d5 {[%emt 0:0:0]} 2. g3 {[%emt 0:0:0]} c6 {[%emt 0:0:0]} 3. Bg2 {[%emt 0:0:0]} Bg4 {[%emt 0:0:2]} 4. 0-0 {[%emt 0:0:0]} e6 {[%emt 0:0:12]} 5. h3 {[%emt 0:0:1]} Bxf3 {[%emt 0:0:1]} 6. Bxf3 {[%emt 0:0:0]} Nd7 {[%emt 0:0:3]} 7. d3 {[%emt 0:0:5]} Ngf6 {[%emt 0:0:14]} 8. Bg2 {[%emt 0:0:4]} Bc5 {[%emt 0:0:13]} 9. Nd2 {[%emt 0:0:42]} a5 {[%emt 0:0:0]} 10. a4 {[%emt 0:0:12]} Qc7 {[%emt 0:0:4]} 11. e3 {[%emt 0:0:10]} 0-0 {[%emt 0:0:9]} 12. Qe2 {[%emt 0:0:2]} e5 {[%emt 0:0:4]} 13. e4 {[%emt 0:0:15]
} Rfe8 {[%emt 0:0:17]} 14. Nf3 {[%emt 0:0:56]} Bf8 {[%emt 0:0:0]} 15. Re1 {[%emt 0:1:32]} dxe4 {[%emt 0:0:15]} 16. dxe4 {[%emt 0:0:1]} Nc5 {[%emt 0:0:1]} 17. Qc4 {[%emt 0:0:16]} Rab8 {[%emt 0:0:43]} 18. Bg5 {[%emt 0:1:24]
} b5 {[%emt 0:0:27]} 19. axb5 {[%emt 0:0:2]} cxb5 {[%emt 0:0:0]} 20. Qc3 {[%emt 0:0:1]} b4 {[%emt 0:2:5]} 21. Qc4 {[%emt 0:0:3]} Nfd7 {[%emt 0:0:2]} 22. b3 {[%emt 0:0:36]} Nb6 {[%emt 0:0:15]} 23. Qe2 {[%emt 0:0:0]} a4 {[%emt 0:0:12]} 24. bxa4 {[%emt 0:0:5]} Ncxa4 {[%emt 0:0:8]} 25. Nh4 {[%emt 0:4:56]} g6 {[%emt 0:0:9]} 26. Be3 {[%emt 0:0:47]} Nc3 {[%emt 0:1:5]
} 27. Qg4 {[%emt 0:0:4]} Nc4 {[%emt 0:0:5]} 28. Bf1 {[%emt 0:0:0]} Nxe3 {[%emt 0:0:7]} 29. Rxe3 {[%emt 0:0:1]} Ra8 {[%emt 0:0:44]} 30. Rxa8 {[%emt 0:0:32]} Rxa8 {[%emt 0:0:1]} 31. Rd3 {[%emt 0:0:1]} Ra1 {[%emt 0:1:9]
} 32. Kg2 {[%emt 0:1:20]} Qc6 {[%emt 0:1:0]} 33. Nf3 {[%emt 0:0:0]} h5 {[%emt 0:0:53]} 34. Qg5 {[%emt 0:0:37]} Nxe4 {[%emt 0:3:47]} 35. Qxe5 {[%emt 0:0:2]} Bg7 {[%emt 0:0:44]} 36. Qd5 {[%emt 0:0:41]} Qxd5 {[%emt 0:0:10]
} 37. Rxd5 {[%emt 0:0:1]} Ra8 {[%emt 0:3:17]} 38. Bd3 {[%emt 0:0:9]
} Nf6 {[%emt 0:0:33]} 39. Rb5 {[%emt 0:0:1]} Bf8 {[%emt 0:0:0]} 40. Rb7 {[%emt 0:0:16]} Rd8 {[%emt 0:0:19]} 41. Ne5 {[%emt 0:0:27]} Rd5 {[%emt 0:0:45]} 42. Rxf7 {[%emt 0:1:0]} Bg7 {[%emt 0:0:12]} 43. Bc4 {[%emt 0:0:4]
} Rxe5 {[%emt 0:0:5]} 44. Rxf6+ {[%emt 0:0:27]} Kh7 {[%emt 0:0:0]} 45. Rb6 {[%emt 0:0:7]} Bf8 {[%emt 0:0:3]} 46. Bd3 {[%emt 0:0:3]} Bc5 {[%emt 0:0:36]} 47. Rxg6 {[%emt 0:0:3]} Kh8 {[%emt 0:0:1]} 48. f4 {[%emt 0:0:12]
} Rd5 {[%emt 0:0:3]} 49. Rg5 {[%emt 0:0:31]} Rxg5 {[%emt 0:0:0]} 50. fxg5 {[%emt 0:0:1]} h4 {[%emt 0:0:26]} 51. gxh4 {[%emt 0:0:4]} Kg7 {[%emt 0:0:16]} 52. Kf3 {[%emt 0:0:1]} Be7 {[%emt 0:0:10]} 53. Kg4 {[%emt 0:0:1]
} Bc5 {[%emt 0:0:2]} 54. h5 {[%emt 0:0:1]} Be3 {[%emt 0:0:0]} 55. h6+ {[%emt 0:0:2]} Kf7 {[%emt 0:0:1]} 56. Bc4+ {[%emt 0:0:9]} Kf8 {[%emt 0:0:0]} 57. Kf5 {[%emt 0:0:9]} Bd2 {[%emt 0:0:6]} 58. h4 {[%emt 0:0:4]
} Be3 {[%emt 0:0:3]} 59. Kg6 {[%emt 0:0:3]} 1-0

[Event "FIDE World Rapid-ch Open 2018"]
[White "Nepomniachtchi, Ian"]
[Black "Bocharov, Ivan"]
[Site "St. Petersburg"]
[Round "15.17"]
[Annotator "TA"]
[Result "1/2-1/2"]
[Date "2018.12.28"]
[WhiteElo "2763"]
[BlackElo "2563"]
[PlyCount "89"]

1. e4 {} e5 2. d4 exd4 3. Qxd4 Nc6 4. Qe3 Nf6 5. Nc3 Bb4 6. Bd2 0-0 7. 0-0-0 Re8 8. Qf4 {C22: Centre Game} Bxc3 9. Bxc3 Rxe4 10. Qg3 {LiveBook: 3 Games. Black is slightly better.} d5 11. f3 Re8 ({Black should play} 11... Re6 $15 )12. Ne2 $11 Bf5 $146 ({Predecessor:} 12... a5 13. Nf4 Nb4 14. Bxf6 Qxf6 15. a3 Bf5 16. axb4 axb4 17. Nxd5 Ra1+ 18. Kd2 Qxb2 19. Qxc7 Rxd1+ {0-1 (19) Nepomniachtchi,I (2732)-Carlsen,M (2832) Leuven
2017} )13. a3 a5 14. Qf4 Bg6 15. Bxf6 Qxf6 16. Qxf6 gxf6 17. Rxd5 Rad8 18. Rxd8 Rxd8 19. Nf4 Nd4 20. Bd3 Ne6 21. Nxe6 fxe6 22. Bxg6 hxg6 { Endgame
KR-KR} 23. Rd1 Rd5 (23... Rxd1+ {keeps more tension.} 24. Kxd1 g5 25. b4 a4 26. Kd2 Kf7 )24. Rxd5 exd5 $14 {KP-KP} 25. b4 axb4 26. axb4 Kf7 $2 {[#]} (26... f5 $1 $11 )27. Kd2 $2 (27. h4 $18 f5 28. g3 )c6 $2 (27... Ke6 $11 {and
Black stays safe.} )28. h4 b6 29. g4 Ke6 30. Ke3 $2 {[#]} (30. Kc3 $18 )c5 $11 31. bxc5 bxc5 32. c3 Kf7 33. Kd2 Ke6 34. Kd3 Kf7 35. Kc2 Ke6 36. f4 f5 37. g5 Ke7 38. Kb3 Kd7 39. Ka4 Ke7 40. Kb5 Kd6 41. Ka5 Ke7 42. Ka4 {The
position is equal.} Ke6 43. Kb3 Ke7 44. c4 d4 45. Kc2 {Accuracy: White = 80%,
Black = 55%.} 1/2-1/2

[Event "FIDE World Rapid-ch Open 2018"]
[White "Le, Quang Liem"]
[Black "Demchenko, Anton"]
[Site "St. Petersburg"]
[Round "15.18"]
[Annotator "RC"]
[Result "1/2-1/2"]
[Date "2018.12.28"]
[WhiteElo "2714"]
[BlackElo "2679"]
[PlyCount "130"]
[TimeControl "900+10"]

1. c4 {[%emt 0:0:0]} Nf6 {[%emt 0:0:0]} 2. Nc3 {[%emt 0:0:0]} g6 {[%emt 0:0:0]
} 3. e4 {[%emt 0:0:0]} d6 {[%emt 0:0:0]} 4. d4 {[%emt 0:0:0]} Bg7 {[%emt 0:0:0]} 5. Nge2 {[%emt 0:0:2]} 0-0 {[%emt 0:0:8]} 6. Ng3 {[%emt 0:0:1]} e5 {[%emt 0:0:6]} 7. d5 {[%emt 0:0:2]} a5 {[%emt 0:0:1]} 8. h4 {[%emt 0:0:9]} h5 {[%emt 0:0:1]} 9. Bg5 {[%emt 0:0:9]} Na6 {[%emt 0:0:2]
} 10. Be2 {[%emt 0:0:2]} Qe8 {[%emt 0:0:1]} 11. Qc2 {[%emt 0:0:0]} Bd7 {[%emt 0:1:40]} 12. f3 {[%emt 0:1:6]} Nh7 {[%emt 0:0:30]} 13. Be3 {[%emt 0:0:30]} Qe7 {[%emt 0:0:39]} 14. Nf1 {[%emt 0:1:6]} f5 {[%emt 0:0:0]} 15. 0-0-0 {[%emt 0:0:5]} Nb4 {[%emt 0:3:49]} 16. Qb3 {[%emt 0:0:58]
} b6 {[%emt 0:0:21]} 17. Nd2 {[%emt 0:0:46]} Rf7 {[%emt 0:0:30]} 18. Kb1 {[%emt 0:0:7]
} Bf6 {[%emt 0:0:44]} 19. Bf2 {[%emt 0:0:12]} Bg7 {[%emt 0:0:0]} 20. Nb5 {[%emt 0:0:40]} Na6 {[%emt 0:0:23]} 21. Be3 {[%emt 0:0:54]} Bf6 {[%emt 0:0:8]} 22. g3 {[%emt 0:0:14]} Bg7 {[%emt 0:1:38]} 23. Rdf1 {[%emt 0:0:44]
} f4 {[%emt 0:0:36]} 24. gxf4 {[%emt 0:0:19]} exf4 {[%emt 0:0:0]} 25. Bf2 {[%emt 0:0:2]} Be5 {[%emt 0:0:24]} 26. Rfg1 {[%emt 0:0:4]} Qf6 {[%emt 0:0:6]} 27. Bf1 {[%emt 0:0:18]} Kh8 {[%emt 0:1:34]} 28. Bh3 {[%emt 0:0:11]
} Bxh3 {[%emt 0:0:10]} 29. Rxh3 {[%emt 0:0:1]} Rg8 {[%emt 0:0:0]} 30. a3 {[%emt 0:1:6]} Nc5 {[%emt 0:0:26]} 31. Qc2 {[%emt 0:0:17]} g5 {[%emt 0:1:55]} 32. hxg5 {[%emt 0:0:3]} Rxg5 {[%emt 0:0:2]} 33. Rgh1 {[%emt 0:0:11]
} Rg2 {[%emt 0:0:55]} 34. Bxc5 {[%emt 0:1:41]} bxc5 {[%emt 0:0:0]} 35. Rxh5 {[%emt 0:0:2]} Kg8 {[%emt 0:1:7]} 36. R5h2 {[%emt 0:0:29]
} Qg6 {[%emt 0:0:29]} 37. Qd1 {[%emt 0:1:42]} Rg7 {[%emt 0:0:2]} 38. a4 {[%emt 0:0:2]
} Qg3 {[%emt 0:0:33]} 39. Rxg2 {[%emt 0:0:20]} Qxg2 {[%emt 0:0:0]} 40. Kc2 {[%emt 0:0:10]} Rg3 {[%emt 0:1:3]} 41. Qf1 {[%emt 0:1:34]} Ng5 {[%emt 0:0:11]} 42. Qxg2 {[%emt 0:0:18]} Rxg2 {[%emt 0:0:1]} 43. Rf1 {[%emt 0:0:1]
} Bxb2 44. Nxc7 Bd4 {[%emt 0:1:12]} 45. Ne6 {[%emt 0:0:22]} Nxe6 {[%emt 0:0:14]} 46. dxe6 {[%emt 0:0:1]} Be3 {[%emt 0:0:1]} 47. Rd1 {[%emt 0:0:2]
} Kf8 {[%emt 0:0:9]} 48. Kd3 {[%emt 0:1:5]} Bxd2 49. Rxd2 Rxd2+ {[%emt 0:0:35]} 50. Kxd2 {[%emt 0:0:11]} Ke7 {[%emt 0:0:1]} 51. Kd3 {[%emt 0:0:44]
} Kxe6 {[%emt 0:0:4]} 52. Kd2 {[%emt 0:0:8]} Ke5 {[%emt 0:0:0]} 53. Kd3 {[%emt 0:0:2]} Kf6 54. Ke2 Ke6 {[%emt 0:0:28]} 55. Kd2 {[%emt 0:0:17]
} Ke5 {[%emt 0:0:4]} 56. Kd3 {[%emt 0:0:2]} Kf6 {[%emt 0:0:0]} 57. Ke2 {[%emt 0:0:1]} Kg5 {[%emt 0:0:12]} 58. Kf2 {[%emt 0:0:5]} Kg6 {[%emt 0:0:28]} 59. Kf1 {[%emt 0:0:15]} Kf7 {[%emt 0:0:9]} 60. Ke1 {[%emt 0:0:7]
} Ke6 {[%emt 0:0:3]} 61. Kd2 {[%emt 0:0:10]} Kf6 {[%emt 0:0:0]} 62. Ke2 {[%emt 0:0:3]} Kg6 {[%emt 0:0:21]} 63. Kf1 {[%emt 0:0:10]} Kg5 {[%emt 0:0:3]} 64. Kf2 {[%emt 0:0:6]} Kf6 {[%emt 0:0:6]} 65. Ke2 {[%emt 0:0:2]
} Ke5 1/2-1/2

[Event "FIDE World Rapid-ch Open 2018"]
[White "Ragger, Markus"]
[Black "Jobava, Baadur"]
[Site "St. Petersburg"]
[Round "15.19"]
[Annotator "ChessBase"]
[Result "0-1"]
[Date "2018.12.28"]
[WhiteElo "2687"]
[BlackElo "2627"]
[PlyCount "68"]
[TimeControl "900+10"]

1. e4 {[%emt 0:0:0]} c5 {[%emt 0:0:0]} 2. Nf3 {[%emt 0:0:0]} e6 {[%emt 0:0:0]} 3. d4 {[%emt 0:0:0]} cxd4 {[%emt 0:0:0]} 4. Nxd4 {[%emt 0:0:0]} Nf6 {[%emt 0:0:0]} 5. Nc3 {[%emt 0:0:4]} Bb4 {[%emt 0:0:0]} 6. e5 {[%emt 0:0:29]
} Nd5 {[%emt 0:0:2]} 7. Bd2 {[%emt 0:0:54]} Bxc3 {[%emt 0:0:0]} 8. bxc3 {[%emt 0:0:3]} 0-0 {[%emt 0:0:3]} 9. Bd3 {[%emt 0:1:10]} d6 {[%emt 0:0:3]
} 10. exd6 {[%emt 0:0:46]} Qxd6 {[%emt 0:0:3]} 11. 0-0 {[%emt 0:0:8]
} Bd7 {[%emt 0:0:3]} 12. Rb1 {[%emt 0:0:48]} Na6 {[%emt 0:0:0]} 13. Bxa6 {[%emt 0:5:36]} Qxa6 {[%emt 0:0:31]} 14. Qf3 {[%emt 0:0:26]} Rac8 {[%emt 0:0:22]} 15. Rfc1 {[%emt 0:0:13]} b6 {[%emt 0:0:29]} 16. Qd3 {[%emt 0:0:15]
} Qc4 {[%emt 0:0:9]} 17. Rb3 {[%emt 0:0:18]} e5 {[%emt 0:0:0]} 18. Ne2 {[%emt 0:1:1]} Ba4 {[%emt 0:0:3]} 19. Rbb1 {[%emt 0:0:32]} Rfd8 {[%emt 0:0:6]} 20. Qxc4 {[%emt 0:0:1]} Rxc4 {[%emt 0:0:3]} 21. Be1 {[%emt 0:0:2]
} f6 {[%emt 0:0:8]} 22. Rb2 {[%emt 0:0:15]} Kf7 {[%emt 0:0:0]} 23. Rd1 {[%emt 0:0:9]} Ke6 {[%emt 0:1:9]} 24. f3 {[%emt 0:0:8]} Rd7 {[%emt 0:0:16]} 25. Kf2 {[%emt 0:0:4]} g5 {[%emt 0:0:6]} 26. Rd2 {[%emt 0:0:0]} h5 {[%emt 0:0:4]} 27. Rb1 {[%emt 0:0:9]} h4 {[%emt 0:0:15]} 28. Rbd1 {[%emt 0:0:20]} Bc6 {[%emt 0:0:2]} 29. Rd3 {[%emt 0:0:22]} Ra4 {[%emt 0:0:8]
} 30. Nc1 {[%emt 0:0:14]} g4 {[%emt 0:0:27]} 31. fxg4 {[%emt 0:0:0]} Rxg4 {[%emt 0:0:13]} 32. g3 {[%emt 0:0:2]} hxg3+ {[%emt 0:0:11]} 33. Rxg3 {[%emt 0:0:32]} Rf4+ {[%emt 0:0:3]} 34. Kg1 {[%emt 0:0:8]} Ne3 {[%emt 0:0:2]
} 0-1

[Event "FIDE World Rapid-ch Open 2018"]
[White "Alekseenko, Kirill"]
[Black "Riazantsev, Alexander"]
[Site "St. Petersburg"]
[Round "15.20"]
[Annotator "ChessBase"]
[Result "1-0"]
[Date "2018.12.28"]
[WhiteElo "2638"]
[BlackElo "2649"]
[PlyCount "105"]
[TimeControl "900+10"]

1. d4 {[%emt 0:1:29]} d5 {[%emt 0:0:0]} 2. Nc3 {[%emt 0:0:5]} Nf6 {[%emt 0:0:30]
} 3. Bf4 {[%emt 0:0:2]} a6 {[%emt 0:1:11]} 4. e3 {[%emt 0:0:0]} e6 {[%emt 0:0:49]} 5. g4 {[%emt 0:0:2]} b5 {[%emt 0:1:0]} 6. g5 {[%emt 0:0:36]
} Nfd7 {[%emt 0:0:1]} 7. h4 {[%emt 0:0:21]} c5 {[%emt 0:0:19]
} 8. Nce2 {[%emt 0:1:4]} Nc6 {[%emt 0:0:11]} 9. Nf3 {[%emt 0:0:3]} Nb6 {[%emt 0:1:53]
} 10. c3 {[%emt 0:0:56]} cxd4 {[%emt 0:1:3]} 11. Nexd4 {[%emt 0:0:39]
} Bb7 {[%emt 0:0:26]} 12. Nxc6 {[%emt 0:1:53]} Bxc6 {[%emt 0:0:0]} 13. Qd4 {[%emt 0:0:25]} Nc4 {[%emt 0:1:25]} 14. Ne5 {[%emt 0:3:3]} Bb7 {[%emt 0:0:54]} 15. 0-0-0 {[%emt 0:0:41]} Qb6 {[%emt 0:0:55]} 16. Bg2 {[%emt 0:1:17]
} Bc5 {[%emt 0:1:27]} 17. Nxc4 {[%emt 0:0:1]} Bxd4 {[%emt 0:0:0]} 18. Nxb6 Bxb6 {[%emt 0:0:1]} 19. h5 {[%emt 0:0:14]} Rc8 {[%emt 0:0:0]} 20. h6 {[%emt 0:0:7]} g6 {[%emt 0:0:4]} 21. Be5 {[%emt 0:0:2]} 0-0 {[%emt 0:0:25]
} 22. Kd2 {[%emt 0:0:22]} f5 {[%emt 0:0:37]} 23. gxf6 {[%emt 0:0:0]} Bd8 {[%emt 0:0:1]} 24. Bh3 {[%emt 0:0:59]} Kf7 {[%emt 0:0:1]} 25. Rhg1 {[%emt 0:0:1]} Bxf6 {[%emt 0:0:9]} 26. Bxf6 {[%emt 0:0:1]} Kxf6 {[%emt 0:0:1]
} 27. f4 {[%emt 0:0:1]} Rce8 {[%emt 0:0:38]} 28. Rdf1 {[%emt 0:0:34]
} e5 {[%emt 0:0:10]} 29. Kd3 {[%emt 0:1:9]} Bc8 {[%emt 0:0:0]} 30. Bxc8 {[%emt 0:0:1]} Rxc8 {[%emt 0:0:0]} 31. Rg5 {[%emt 0:0:1]} exf4 {[%emt 0:0:21]} 32. exf4 {[%emt 0:0:14]} Ke6 {[%emt 0:0:37]} 33. Re1+ {[%emt 0:0:34]
} Kd6 {[%emt 0:0:1]} 34. Rge5 {[%emt 0:0:0]} Rf6 {[%emt 0:0:0]} 35. Re7 {[%emt 0:0:3]} Rc7 {[%emt 0:0:11]} 36. Rxc7 {[%emt 0:0:12]} Kxc7 {[%emt 0:0:1]} 37. Re7+ {[%emt 0:0:1]} Kd6 {[%emt 0:0:5]} 38. Rxh7 {[%emt 0:0:5]
} Rxf4 {[%emt 0:0:1]} 39. Rg7 {[%emt 0:0:7]} Rf3+ {[%emt 0:0:0]} 40. Kd4 {[%emt 0:0:29]} Rf4+ {[%emt 0:0:5]} 41. Ke3 {[%emt 0:0:1]} Rh4 {[%emt 0:1:38]} 42. Rxg6+ {[%emt 0:0:2]} Ke5 {[%emt 0:0:0]} 43. Rxa6 {[%emt 0:0:17]
} Rh2 {[%emt 0:0:5]} 44. b3 {[%emt 0:2:35]} Rh3+ {[%emt 0:0:0]} 45. Kd2 {[%emt 0:0:1]} Rh2+ {[%emt 0:0:9]} 46. Kc1 {[%emt 0:0:12]} Ke4 {[%emt 0:0:9]} 47. Rg6 {[%emt 0:0:41]} Kd3 {[%emt 0:0:33]} 48. Rg3+ {[%emt 0:0:2]
} Ke4 {[%emt 0:0:0]} 49. h7 {[%emt 0:0:39]} Rxh7 {[%emt 0:0:0]} 50. Kb2 {[%emt 0:0:1]} Ra7 {[%emt 0:0:32]} 51. Rg6 {[%emt 0:0:9]} b4 {[%emt 0:0:15]} 52. Rg4+ {[%emt 0:0:2]} Kd3 {[%emt 0:0:9]} 53. Rd4+ {[%emt 0:0:2]
} 1-0

[Event "FIDE World Rapid-ch Open 2018"]
[White "Goganov, Aleksey"]
[Black "Sargissian, Gabriel"]
[Site "St. Petersburg"]
[Round "15.21"]
[Annotator "ChessBase"]
[Result "1/2-1/2"]
[Date "2018.12.28"]
[WhiteElo "2612"]
[BlackElo "2689"]
[PlyCount "48"]
[TimeControl "900+10"]

1. d4 {[%emt 0:0:0]} d5 {[%emt 0:0:0]} 2. c4 {[%emt 0:0:0]} e6 {[%emt 0:0:0]} 3. Nf3 {[%emt 0:0:0]} Nf6 {[%emt 0:0:0]} 4. g3 {[%emt 0:0:0]} Bb4+ {[%emt 0:0:0]} 5. Bd2 {[%emt 0:0:0]} Be7 {[%emt 0:0:0]} 6. Bg2 {[%emt 0:0:0]
} 0-0 {[%emt 0:0:0]} 7. 0-0 {[%emt 0:0:1]} Nbd7 {[%emt 0:0:0]} 8. Qc2 {[%emt 0:0:14]} c6 {[%emt 0:0:3]} 9. Rc1 {[%emt 0:0:34]} b6 {[%emt 0:0:12]
} 10. cxd5 {[%emt 0:0:5]} cxd5 {[%emt 0:0:1]} 11. a3 {[%emt 0:0:2]
} Bb7 {[%emt 0:0:29]} 12. Bb4 {[%emt 0:0:4]} Rc8 {[%emt 0:0:0]} 13. Nc3 {[%emt 0:0:1]} Bxb4 {[%emt 0:1:9]} 14. axb4 {[%emt 0:0:2]} a6 {[%emt 0:0:1]} 15. e3 {[%emt 0:1:12]} Qe7 {[%emt 0:0:14]} 16. Qb3 {[%emt 0:0:7]
} h6 {[%emt 0:1:58]} 17. Ne1 {[%emt 0:0:28]} Ne4 {[%emt 0:0:0]} 18. Nd3 {[%emt 0:0:54]} Nd6 {[%emt 0:0:4]} 19. b5 {[%emt 0:1:32]} a5 {[%emt 0:0:20]
} 20. Qa3 {[%emt 0:1:9]} Rfe8 {[%emt 0:0:21]} 21. b4 {[%emt 0:0:0]} Nc4 {[%emt 0:0:10]} 22. Qb3 {[%emt 0:0:19]} Rc7 {[%emt 0:1:1]} 23. bxa5 {[%emt 0:0:3]} Nxa5 {[%emt 0:0:6]} 24. Qd1 {[%emt 0:2:16]} Rec8 {[%emt 0:0:23]
} 1/2-1/2